000 01056nas a2200325 4500
001 BR2013006184
003 BR-BrBNA
005 20231205122740.0
007 ta
008 230509b bl.|||p| |||| 00| 00por d
040 _aBR-BrBNA
_bpor
_cBiblioteca Nacional de Agricultura
041 _a(Pt)
072 _aF04; F08
100 1 _aRamos, S.J.
100 1 _aFaquin, V.
100 1 _aRodrigues, C.R.
100 1 _aSilva, C.A.
100 1 _aÁvila, F.W. de
100 1 _aSampaio, R.A.
245 1 _aUtilização de fósforos e produção do feijoeiro: Influência de gramíneas forrageiras e fontes de fósforo
650 _aFEIJÃO
650 _aGRAMÍNEA FORRAGEIRA
650 _aPLANTA DE COBERTURA
650 _aSISTEMA DE CULTIVO
650 _aFERTILIZANTE FOSFATADO
773 0 _tRevista Brasileira de Ciência do Solo (Brazil)
_xISSN 0100-0683
_g(Jan-Feb 2010), v. 34(1) p. 89-96
_wBR2013006184
856 4 0 _uhttp://www.scielo.br/pdf/rbcs/v34n1/a09v34n1.pdf
909 _a202311
_bLúcia
_c55
_dLúcia Elande
942 _2AGRIS
_n0
_cANA
999 _c230332
_d230332